LDR 00509naa#a2200157#i#450# 001 EN\\bibl\126741 005 20260705082036.7 011 ## _a2542-1840 100 ## _a20260630b2026####ek#y0engy0150####ca 102 ## _aRU 200 1# _aMultimedia-Based Language Teaching Model for Developing Listening Skills in Russian as a Foreign Language _eJournal article 210 1# _aKemerovo _cKemerovo State University _d2026 215 ## _a10 с. 608 ## _aJournal article _2local 700 #1 _aTagizade _gVafa Gamid 856 4# _acheese.kemsu.ru _u